[Event "Kieler Open 2019-A"]
[Site "Kiel"]
[Date "2019.07.27"]
[Round "1.1"]
[White "Darpan, Inani"]
[Black "Carlstedt, Jonathan"]
[Result "0-1"]
[WhiteElo "1956"]
[BlackElo "2408"]
[Annotator "HJH"]
[PlyCount "64"]
[EventDate "2019.??.??"]

1. e4 e5 2. Nf3 Nc6 3. Bc4 Nf6 4. d3 Bc5 5. c3 a6 6. Bb3 d6 7. h3 Ba7 8. Nbd2
h6 9. Nf1 d5 10. Qe2 Qd6 11. exd5 Nxd5 12. d4 O-O 13. dxe5 Qc5 14. Ng3 Nxc3 15.
bxc3 Qxc3+ 16. Qd2 Qxa1 17. O-O Nd4 18. Bb2 Nxb3 19. axb3 Qa2 20. Qc3 Be6 21.
Nd2 Rad8 22. Ra1 Rxd2 23. Qxd2 (23. Rxa2 Rxf2 24. Kh2 Bd5) 23... Qxb3 24. Ne4
Bf5 25. Nf6+ gxf6 26. exf6 Qg3 27. Ra3 Qg5 28. Qe2 Rd8 29. Kh2 Qf4+ 30. Rg3+
Bg6 31. Qe7 Bxf2 32. Qxd8+ Kh7 0-1

[Event "Kieler Open 2019-A"]
[Site "Kiel"]
[Date "2019.07.27"]
[Round "1.2"]
[White "Legky, Nikolay A"]
[Black "Wendler, Werner"]
[Result "1-0"]
[WhiteElo "2397"]
[BlackElo "1954"]
[Annotator "NB"]
[PlyCount "95"]
[EventDate "2019.??.??"]
[BlackTeam "SK Bebenhausen"]

1. d4 d5 2. Bf4 c5 3. e3 Nc6 4. c3 Nf6 5. Nf3 e6 6. Nbd2 Bd6 7. Bg3 O-O 8. Bb5
Qe7 9. Bxc6 bxc6 10. Qa4 Bd7 11. Bxd6 Qxd6 12. Qa3 Rfd8 13. O-O Be8 14. Qxc5
Qxc5 15. dxc5 a5 16. b4 Ra7 17. Nb3 a4 18. Nbd2 Nd7 19. Nd4 Nf8 20. f4 f6 21.
e4 Rc7 22. a3 Bg6 23. Rae1 e5 24. fxe5 fxe5 25. Rxf8+ Rxf8 26. Ne6 Rd7 27. Nxf8
Kxf8 28. Nf3 Bxe4 29. Nxe5 Rc7 30. Nc4 Bg6 31. Nd6 Re7 32. Kf2 Rxe1 33. Kxe1
Ke7 34. Kd2 Ke6 35. Nc8 Ke5 36. Nb6 Kf4 37. Nxa4 Be4 38. Nb6 Bxg2 39. a4 Bf1
40. c4 dxc4 41. Kc3 g5 42. a5 h5 43. a6 g4 44. a7 g3 45. hxg3+ Kxg3 46. a8=Q h4
47. Qg8+ Kh2 48. Nxc4 1-0

[Event "Kieler Open 2019-A"]
[Site "Kiel"]
[Date "2019.07.27"]
[Round "1.3"]
[White "Röhr, Oliver"]
[Black "Lanka, Zigurds"]
[Result "0-1"]
[WhiteElo "1948"]
[BlackElo "2395"]
[Annotator "NB"]
[PlyCount "60"]
[EventDate "2019.??.??"]
[WhiteTeam "SG Aufbau Elbe Magdeburg"]
[BlackTeam "SC Viernheim 1934"]

1. e4 c5 2. Nf3 a6 3. c4 Nc6 4. d4 cxd4 5. Nxd4 e5 6. Nxc6 bxc6 7. g3 Nf6 8.
Bg2 Bc5 9. O-O d6 10. Nc3 O-O 11. h3 Be6 12. b3 Bd4 13. Bb2 Rb8 14. Qe2 h5 15.
Kh2 h4 16. g4 Nd7 17. Rad1 g5 18. Nd5 Bxb2 19. Qxb2 cxd5 20. exd5 Bxg4 21. hxg4
Qf6 22. Kh3 a5 23. Qc3 Qf4 24. Qe3 Nc5 25. Qxf4 gxf4 26. f3 Rb4 27. Kxh4 f6 28.
g5 Kg7 29. gxf6+ Kxf6 30. Rh1 Rbb8 0-1

[Event "Kieler Open 2019-A"]
[Site "Kiel"]
[Date "2019.07.27"]
[Round "1.4"]
[White "Voloshin, Leonid"]
[Black "Glinzner, Alva"]
[Result "1/2-1/2"]
[WhiteElo "2376"]
[BlackElo "1941"]
[Annotator "NB"]
[PlyCount "139"]
[EventDate "2019.??.??"]
[WhiteTeam "SG Speyer-Schwegenheim 2012"]
[BlackTeam "Lübecker SV"]

1. d4 Nf6 2. c4 e6 3. Nc3 Bb4 4. Qc2 O-O 5. e4 d5 6. e5 Nfd7 7. a3 Bxc3+ 8.
bxc3 c5 9. Nf3 h6 10. Be2 Nc6 11. cxd5 exd5 12. O-O Re8 13. Be3 Qc7 14. Nh4 Ne7
15. Qd2 cxd4 16. cxd4 Nb6 17. f4 Nf5 18. Nxf5 Bxf5 19. g4 Be4 20. f5 Nc4 21.
Qc1 Rac8 22. Bf2 Qa5 23. Qe1 Qb6 24. Qb4 Qc6 25. Rfc1 a5 26. Qb3 b5 27. Qg3 Qd7
28. Rc3 Rc6 29. Rb3 Rb6 30. Qf4 Rc8 31. Be1 Qe7 32. h4 b4 33. axb4 axb4 34. Bd1
Rcb8 35. g5 Qd7 36. f6 Qf5 37. Qxf5 Bxf5 38. Ra4 Ne3 39. Rxe3 b3 40. Bxb3 Rxb3
41. Rxb3 Rxb3 42. Kf2 Kh7 43. Ra5 Be6 44. Ra6 gxf6 45. gxf6 h5 46. Bd2 Rh3 47.
Bg5 Rh2+ 48. Ke3 Rh3+ 49. Kd2 Rg3 50. Rb6 Bf5 51. Rb4 Rd3+ 52. Ke2 Rh3 53. Kf2
Be6 54. Ra4 Kg6 55. Ra8 Kh7 56. Rb8 Bf5 57. Ra8 Be6 58. Ra1 Bg4 59. Ra5 Be6 60.
Kg2 Rd3 61. Ra4 Bf5 62. Kf2 Rh3 63. Ke2 Bg4+ 64. Kd2 Bf5 65. Rb4 Rd3+ 66. Ke1
Rh3 67. Kf2 Be6 68. Kg2 Rd3 69. Kf2 Rh3 70. Kg2 1/2-1/2

[Event "Kieler Open 2019-A"]
[Site "Kiel"]
[Date "2019.07.27"]
[Round "1.5"]
[White "Rosenburg, Hauke"]
[Black "Melamed, Tatjana"]
[Result "1/2-1/2"]
[WhiteElo "1925"]
[BlackElo "2351"]
[Annotator "NB"]
[PlyCount "91"]
[EventDate "2019.??.??"]
[WhiteTeam "SF Burg von 1966"]
[BlackTeam "SG Aufbau Elbe Magdeburg"]

1. c4 Nf6 2. Nc3 e6 3. Nf3 Bb4 4. g3 O-O 5. Bg2 Bxc3 6. bxc3 d6 7. O-O e5 8. d3
Re8 9. Nd2 c6 10. Rb1 Nbd7 11. Qc2 Nc5 12. d4 Ne6 13. Nb3 c5 14. Rd1 Qc7 15.
dxe5 dxe5 16. Bd5 Rb8 17. e4 h6 18. f3 Ng5 19. Qe2 Nxd5 20. cxd5 c4 21. d6 Qc6
22. Bxg5 hxg5 23. Nd2 Be6 24. Qe3 b6 25. Qxg5 Qc5+ 26. Kg2 Rbd8 27. Nf1 Rxd6
28. Rxd6 Qxd6 29. Qe3 Rd8 30. Rb2 Qd1 31. Rd2 Bh3+ 32. Kxh3 Qxf1+ 33. Kg4 Rd3
34. Rxd3 Qxd3 35. Qg5 Qd7+ 36. Kh4 f6 37. Qg6 b5 38. a3 a5 39. f4 exf4 40. gxf4
Qe6 41. Kg3 Qd7 42. e5 fxe5 43. fxe5 Qd1 44. Qe6+ Kf8 45. Qc8+ Ke7 46. Qc5+
1/2-1/2

[Event "Kieler Open 2019-A"]
[Site "Kiel"]
[Date "2019.07.27"]
[Round "1.6"]
[White "Simantsev, Mikhail"]
[Black "Lawrenz, Sebastian"]
[Result "1-0"]
[WhiteElo "2346"]
[BlackElo "1924"]
[Annotator "NB"]
[PlyCount "53"]
[EventDate "2019.??.??"]
[BlackTeam "SC Zitadelle Spandau"]

1. d4 Nf6 2. c4 c5 3. d5 e6 4. Nc3 exd5 5. cxd5 d6 6. Nf3 g6 7. Bf4 Bg7 8. h3
O-O 9. e3 a6 10. a4 Re8 11. Nd2 Nh5 12. Bh2 Bf8 13. Be2 Nf6 14. O-O Nbd7 15.
Re1 Rb8 16. a5 Ne5 17. Qc2 g5 18. f4 gxf4 19. exf4 Ng6 20. Nc4 Nh4 21. g4 b5
22. axb6 Bb7 23. Qd3 Bg7 24. Kf1 Qd7 25. f5 Nxd5 26. Nxd5 Bd4 27. Qxd4 1-0

[Event "Kieler Open 2019-A"]
[Site "Kiel"]
[Date "2019.07.27"]
[Round "1.7"]
[White "Boyens, Birger"]
[Black "Köllner, Ruben Gideon"]
[Result "0-1"]
[WhiteElo "1918"]
[BlackElo "2315"]
[Annotator "NB"]
[PlyCount "94"]
[EventDate "2019.??.??"]
[WhiteTeam "Husumer SV von 1898"]
[BlackTeam "SG Bochum 1931"]

1. e4 d6 2. d4 Nf6 3. Nc3 e5 4. Nge2 Nc6 5. Bg5 h6 6. Bh4 Be7 7. d5 Nb8 8. Qd3
Nxd5 9. exd5 Bxh4 10. g3 Be7 11. f4 Nd7 12. O-O-O O-O 13. f5 Nf6 14. Qf3 b5 15.
g4 Bb7 16. a3 a5 17. Nxb5 e4 18. Qb3 a4 19. Qc4 Nxg4 20. Rg1 Bg5+ 21. Kb1 Ne3
22. Qd4 Nxd1 23. Qxd1 Re8 24. Ng3 Re5 25. c4 Bc8 26. Nd4 Bd7 27. Nh5 g6 28. h4
Be3 29. Rg3 Bxd4 30. fxg6 f6 31. Nf4 Rf5 32. Ne6 Bxe6 33. dxe6 Be5 34. Bh3 Bxg3
35. Bxf5 Kg7 36. Qd5 Rb8 37. Qxe4 Be5 38. b4 axb3 39. a4 Qe7 40. Qd5 Rb4 41.
Qc6 d5 42. a5 Rxc4 43. Qd7 Bd6 44. a6 Qxd7 45. exd7 Be7 46. Bd3 Ra4 47. Kb2 c5
0-1

[Event "Kieler Open 2019-A"]
[Site "Kiel"]
[Date "2019.07.27"]
[Round "1.8"]
[White "Arndt, Magnus"]
[Black "Gombert, Reiner"]
[Result "1-0"]
[WhiteElo "2313"]
[BlackElo "1918"]
[Annotator "NB"]
[PlyCount "73"]
[EventDate "2019.??.??"]
[WhiteTeam "SK Doppelbauer Kiel"]
[BlackTeam "Schleswiger SV von 1919"]

1. d4 Nf6 2. Bf4 g6 3. Nc3 d5 4. e3 Bg7 5. h4 c6 6. Be2 Qb6 7. a3 Nbd7 8. Nf3
Ne4 9. Nxe4 dxe4 10. Nd2 Nf6 11. Nc4 Qd8 12. h5 gxh5 13. Ne5 Bf5 14. Bxh5 Bg6
15. Be2 Nd7 16. Nxd7 Qxd7 17. Qd2 e5 18. dxe5 Qxd2+ 19. Kxd2 O-O-O+ 20. Ke1 Bf5
21. Bc4 Rd7 22. Rh5 Bg6 23. Rg5 Bh6 24. Rg3 Bxf4 25. exf4 Rd4 26. Bb3 Rhd8 27.
Re3 Bh5 28. Kf1 Bg6 29. g4 h5 30. f5 Bh7 31. Rh3 Bg8 32. Rxh5 e3 33. fxe3 Rxg4
34. Ke2 Re4 35. f6 Re8 36. Rg1 R4xe5 37. Rxe5 1-0

[Event "Kieler Open 2019-A"]
[Site "Kiel"]
[Date "2019.07.27"]
[Round "1.9"]
[White "Buchholz, Ralf"]
[Black "Braun, Georg"]
[Result "0-1"]
[WhiteElo "1909"]
[BlackElo "2307"]
[Annotator "NB"]
[PlyCount "106"]
[EventDate "2019.??.??"]
[WhiteTeam "Königsspr Braunschweig"]
[BlackTeam "SK Bebenhausen"]

1. d4 Nf6 2. Nf3 g6 3. e3 Bg7 4. Bd3 O-O 5. O-O c5 6. c3 d6 7. Nbd2 Nc6 8. dxc5
dxc5 9. Ne4 Nxe4 10. Bxe4 Qb6 11. Qc2 Rd8 12. Bd2 Be6 13. b3 Rd6 14. Rad1 Rad8
15. Bc1 Qa5 16. Rxd6 Rxd6 17. Bxc6 Rxc6 18. c4 Ra6 19. a4 Rd6 20. Ng5 Bf5 21.
e4 Bc8 22. Bf4 Rd7 23. Rd1 Qc3 24. Qb1 Qb2 25. Nf3 Bc3 26. h3 f6 27. Be3 b6 28.
Kh2 Qxb1 29. Rxb1 Bb7 30. Rc1 Rd3 31. Ne1 Bxe1 32. Rxe1 Rxb3 33. a5 Kf7 34.
axb6 axb6 35. f3 Ba6 36. e5 Bxc4 37. exf6 exf6 38. Bf4 Rb2 39. Bc7 Be2 40. Kg3
b5 41. Bb6 Rc2 42. Bxc5 Rxc5 43. Rxe2 b4 44. Rb2 Rb5 45. Kf4 Ke6 46. Ke4 b3 47.
g4 Rb4+ 48. Kd3 Ke5 49. Ke3 g5 50. Kd3 Kf4 51. Kc3 Rb6 52. Rxb3 Rxb3+ 53. Kxb3
Kxf3 0-1

[Event "Kieler Open 2019-A"]
[Site "Kiel"]
[Date "2019.07.27"]
[Round "1.10"]
[White "Schulze, Lara"]
[Black "Dannehr, Jürgen"]
[Result "1-0"]
[WhiteElo "2253"]
[BlackElo "1909"]
[Annotator "NB"]
[PlyCount "65"]
[EventDate "2019.??.??"]
[WhiteTeam "SK Lehrte von 1919"]
[BlackTeam "SV Gifhorn"]

1. e4 c5 2. Nf3 e6 3. d4 cxd4 4. Nxd4 Nf6 5. Nc3 Nc6 6. Nxc6 bxc6 7. e5 Nd5 8.
Ne4 Qa5+ 9. Bd2 Qc7 10. f4 Qb6 11. c4 Qd4 12. Qb1 f5 13. cxd5 fxe4 14. d6 e3
15. Bc3 Qxf4 16. Qc2 g6 17. g3 Qf2+ 18. Qxf2 exf2+ 19. Kxf2 Bh6 20. Bd3 Bb7 21.
Ke2 Rf8 22. a4 c5 23. Rhf1 O-O-O 24. h4 Rxf1 25. Rxf1 Rf8 26. Rxf8+ Bxf8 27. h5
gxh5 28. Bxh7 Bc6 29. a5 Bb5+ 30. Kf2 Ba4 31. Be4 Bd1 32. a6 Bh6 33. Ba5 1-0

[Event "Kieler Open 2019-A"]
[Site "Kiel"]
[Date "2019.07.27"]
[Round "1.11"]
[White "Karlisch, Moritz"]
[Black "Franz, Karsten"]
[Result "1/2-1/2"]
[WhiteElo "1894"]
[BlackElo "2219"]
[Annotator "NB"]
[PlyCount "86"]
[EventDate "2019.??.??"]
[WhiteTeam "SK Doppelbauer Kiel"]
[BlackTeam "SV Dresden-Leuben"]

1. d4 g6 2. e4 Bg7 3. Nf3 d6 4. c4 Nc6 5. Be2 e5 6. d5 Nce7 7. Nc3 h6 8. O-O f5
9. Ne1 Nf6 10. exf5 Nxf5 11. f4 O-O 12. Nc2 Re8 13. fxe5 dxe5 14. Ne3 Nd4 15.
Bd3 e4 16. Be2 c5 17. Rb1 Qe7 18. a3 h5 19. b4 Nh7 20. Bd2 b6 21. bxc5 Qxc5 22.
Qa4 b5 23. Qb4 Qxb4 24. axb4 Nxe2+ 25. Nxe2 bxc4 26. Nxc4 Bg4 27. Rfe1 Rad8 28.
d6 Be6 29. Rbc1 Bxc4 30. Rxc4 Rxd6 31. Bf4 Rb6 32. Ng3 Bf8 33. Bd2 Reb8 34.
Rexe4 Nf6 35. Red4 Ng4 36. h3 Ne5 37. Rc7 Ra6 38. Ne4 Bg7 39. Rd5 Nc6 40. Rdd7
Bd4+ 41. Kf1 Be5 42. Rb7 Rxb7 43. Rxb7 Rb6 1/2-1/2

[Event "Kieler Open 2019-A"]
[Site "Kiel"]
[Date "2019.07.27"]
[Round "1.12"]
[White "Latzke, Boris"]
[Black "Schmidt, Peter"]
[Result "1-0"]
[WhiteElo "2212"]
[BlackElo "1881"]
[Annotator "NB"]
[PlyCount "69"]
[EventDate "2019.??.??"]
[WhiteTeam "SK Bebenhausen"]
[BlackTeam "Kieler SG"]

1. d4 Nf6 2. c4 c5 3. d5 b5 4. cxb5 a6 5. bxa6 Bxa6 6. b3 g6 7. Bb2 Bg7 8. g3
O-O 9. Bg2 d6 10. Nh3 Nbd7 11. O-O Qb6 12. Na3 c4 13. Bd4 Qb4 14. Nc2 Qa5 15.
b4 Qc7 16. a4 Bb7 17. a5 e5 18. Bc3 Ng4 19. e4 h5 20. Ng5 Bh6 21. Nf3 f5 22.
Nh4 Kh7 23. h3 Ngf6 24. exf5 g5 25. Ng6 Rfe8 26. Re1 g4 27. hxg4 Nxg4 28. Bd2
Ndf6 29. Bxh6 Nxh6 30. Ne3 Nxf5 31. Nxf5 Kxg6 32. Ne3 Bc8 33. Rc1 Ba6 34. Nxc4
Qb7 35. Nxd6 1-0

[Event "Kieler Open 2019-A"]
[Site "Kiel"]
[Date "2019.07.27"]
[Round "1.13"]
[White "Papesch, Dennis"]
[Black "Pluska, Alexander"]
[Result "1/2-1/2"]
[WhiteElo "1880"]
[BlackElo "2207"]
[Annotator "NB"]
[PlyCount "80"]
[EventDate "2019.??.??"]
[WhiteTeam "Raisdorfer SG"]
[BlackTeam "SK Doppelbauer Kiel"]

1. c4 e5 2. g3 Nf6 3. Bg2 Nc6 4. d3 Bb4+ 5. Bd2 Bxd2+ 6. Qxd2 O-O 7. Nc3 Re8 8.
e3 Ne7 9. Nge2 d5 10. cxd5 Nexd5 11. O-O Be6 12. a3 c5 13. Rac1 Rc8 14. Rfd1
Qd7 15. d4 exd4 16. exd4 c4 17. Nf4 Nxc3 18. bxc3 Bf5 19. Re1 Ne4 20. Bxe4 Bxe4
21. Re3 Bf5 22. Rce1 h6 23. Qe2 Rxe3 24. Qxe3 Kf8 25. Kg2 Re8 26. Qxe8+ Qxe8
27. Rxe8+ Kxe8 28. Kf3 Kd7 29. Ke3 Kc6 30. Kd2 Kb5 31. Kc1 Ka4 32. Kb2 Be4 33.
Nh5 g6 34. Nf6 Bf3 35. Nd7 h5 36. h4 Kb5 37. Ne5 Bd5 38. Kc1 Ka4 39. Kb2 Kb5
40. Kc1 Ka5 1/2-1/2

[Event "Kieler Open 2019-A"]
[Site "Kiel"]
[Date "2019.07.27"]
[Round "1.14"]
[White "Kaulich, Philipp Theodor"]
[Black "Schützhold, Frank"]
[Result "1-0"]
[WhiteElo "2177"]
[BlackElo "1860"]
[Annotator "NB"]
[PlyCount "49"]
[EventDate "2019.??.??"]
[WhiteTeam "Kieler SG"]
[BlackTeam "SC Naunhof"]

1. e4 d6 2. d4 Nf6 3. Nc3 g6 4. Be3 c6 5. Qd2 Bg7 6. f3 Nbd7 7. O-O-O Qc7 8.
Bh6 O-O 9. h4 b5 10. h5 b4 11. Nce2 Qa5 12. Kb1 Ba6 13. g4 Rfb8 14. hxg6 fxg6
15. Bxg7 Kxg7 16. Qh6+ Kg8 17. g5 Nh5 18. Ng3 Bxf1 19. Nxh5 gxh5 20. Rxh5 Bc4
21. b3 Nf8 22. g6 Rb5 23. gxh7+ Kh8 24. d5 Nd7 25. Rg5 1-0

[Event "Kieler Open 2019-A"]
[Site "Kiel"]
[Date "2019.07.27"]
[Round "1.15"]
[White "Basey, Matthew"]
[Black "Friedel, Marcus"]
[Result "1-0"]
[WhiteElo "1852"]
[BlackElo "2162"]
[Annotator "NB"]
[PlyCount "75"]
[EventDate "2019.??.??"]
[WhiteTeam "Kieler SG"]
[BlackTeam "SK 1926 Ettlingen"]

1. d4 d6 2. Nf3 Nf6 3. c4 Nbd7 4. Nc3 e5 5. e4 Be7 6. Be2 O-O 7. h3 c6 8. Be3
a6 9. d5 cxd5 10. cxd5 b5 11. a3 Nb6 12. Nd2 Bd7 13. O-O Qb8 14. f4 exf4 15.
Bxf4 Bc8 16. Nf3 Nbd7 17. Qd4 Re8 18. Qb4 Bf8 19. Nd2 Ne5 20. Be3 Bd7 21. Qd4
Be7 22. b4 Bd8 23. Rfb1 Qb7 24. a4 Bc7 25. Nb3 bxa4 26. Na5 Qc8 27. Nxa4 Bxa4
28. Rxa4 Bb8 29. b5 axb5 30. Bxb5 Ba7 31. Qd2 Nxe4 32. Rxe4 Qf5 33. Rbb4 Qg5
34. Kh1 Bxe3 35. Qxe3 Qxe3 36. Rxe3 Reb8 37. Nc6 Nxc6 38. dxc6 1-0

[Event "Kieler Open 2019-A"]
[Site "Kiel"]
[Date "2019.07.27"]
[Round "1.16"]
[White "Petri, Alexander"]
[Black "Bräutigam, Katerina"]
[Result "1-0"]
[WhiteElo "2146"]
[BlackElo "1837"]
[Annotator "NB"]
[PlyCount "47"]
[EventDate "2019.??.??"]
[WhiteTeam "SK Doppelbauer Kiel"]
[BlackTeam "SV VHS Rendsburg"]

1. d4 Nf6 2. Nf3 e6 3. Bg5 d5 4. e3 c5 5. c3 Nbd7 6. Nbd2 b6 7. Ne5 h6 8. Bh4
Qc7 9. f4 Be7 10. Bd3 c4 11. Bc2 a6 12. O-O Bb7 13. Qf3 b5 14. a3 a5 15. f5
exf5 16. Bxf5 Nxe5 17. dxe5 d4 18. Qg3 Nh5 19. Qg4 Bxh4 20. Qxh4 dxe3 21. Ne4
Qxe5 22. Qxh5 Qe7 23. Rad1 Rg8 24. Rd7 1-0

[Event "Kieler Open 2019-A"]
[Site "Kiel"]
[Date "2019.07.27"]
[Round "1.17"]
[White "Schramm, Daniel"]
[Black "Horn, Peter"]
[Result "1-0"]
[WhiteElo "1837"]
[BlackElo "2137"]
[Annotator "NB"]
[PlyCount "116"]
[EventDate "2019.??.??"]
[WhiteTeam "Kieler SG"]
[BlackTeam "SC Concordia SAbt Palame"]

1. c4 e6 2. g3 d5 3. Bg2 Nf6 4. Nf3 Be7 5. O-O O-O 6. b3 c5 7. d3 Nc6 8. Bb2 d4
9. e4 e5 10. h3 Ne8 11. Ne1 Nd6 12. Nd2 Be6 13. f4 f5 14. Ba3 Qa5 15. Bc1 g6
16. Qe2 Bf6 17. exf5 Nxf5 18. Ne4 Bg7 19. Nf3 Rae8 20. Bd2 Qb6 21. Rae1 h6 22.
g4 Ne3 23. Bxe3 dxe3 24. Nh4 exf4 25. Nxg6 Nd4 26. Qd1 e2 27. Rxe2 f3 28. Ref2
fxg2 29. Kxg2 Rxf2+ 30. Rxf2 Bd7 31. Nf4 Bc6 32. Qe1 Bxe4+ 33. dxe4 Qc6 34. Nd5
Qe6 35. Rf4 Rf8 36. Qe3 Rxf4 37. Nxf4 Qd6 38. Nd5 Be5 39. Qf2 Qf8 40. Qe3 Kh7
41. h4 b6 42. g5 Qc8 43. Qh3 Qxh3+ 44. Kxh3 h5 45. Kg2 Kg7 46. Ne3 Kf7 47. Nf5
Ne2 48. Kf3 Nc1 49. Ng3 Bxg3 50. Kxg3 Nd3 51. Kf3 Ke6 52. Ke3 Ne5 53. Kf4 Ng6+
54. Kf3 Ke5 55. Ke3 Nxh4 56. a3 Ng6 57. b4 a5 58. b5 a4 1-0

[Event "Kieler Open 2019-A"]
[Site "Kiel"]
[Date "2019.07.27"]
[Round "1.18"]
[White "Rendboe, John Filip"]
[Black "Kollhoff, Josef"]
[Result "1-0"]
[WhiteElo "2136"]
[BlackElo "1833"]
[Annotator "NB"]
[PlyCount "113"]
[EventDate "2019.??.??"]
[BlackTeam "Kieler SG"]

1. d4 d5 2. c4 Nf6 3. cxd5 Nxd5 4. Nf3 e6 5. g3 Bb4+ 6. Bd2 Bxd2+ 7. Nbxd2 O-O
8. Bg2 Nd7 9. O-O b6 10. a3 c5 11. Rc1 Bb7 12. dxc5 Nxc5 13. b4 Nd7 14. e4 Ne7
15. Re1 Nf6 16. e5 Nfd5 17. Nc4 Rc8 18. Nd6 Rxc1 19. Qxc1 Ba8 20. Nd4 Qd7 21.
Qb2 Nc8 22. Ne4 Rd8 23. Nb3 Nce7 24. h4 h6 25. Rd1 Qc7 26. Rc1 Qd7 27. Nd6 Nc8
28. Ne4 Nce7 29. Nd6 Nc8 30. Nxc8 Rxc8 31. Rxc8+ Qxc8 32. Nd4 a6 33. b5 a5 34.
Qb3 Qc5 35. Ne2 Qc7 36. Qb2 Bb7 37. Qd4 Kf8 38. f4 g6 39. Kf2 Ke8 40. Bf3 Qc5
41. Bxd5 exd5 42. a4 Kd7 43. g4 Ke7 44. f5 Bc8 45. f6+ Kd8 46. Qxc5 bxc5 47. g5
h5 48. Nf4 d4 49. e6 Ke8 50. e7 Bb7 51. Ke2 c4 52. Kd2 Be4 53. Ne2 c3+ 54. Ke1
d3 55. Nxc3 Bf5 56. b6 Bc8 57. Nb5 1-0

[Event "Kieler Open 2019-A"]
[Site "Kiel"]
[Date "2019.07.27"]
[Round "1.19"]
[White "Mohamed, Galal"]
[Black "Saglam, Bülent"]
[Result "0-1"]
[WhiteElo "1833"]
[BlackElo "2125"]
[Annotator "NB"]
[PlyCount "58"]
[EventDate "2019.??.??"]
[WhiteTeam "VSF Flintbek"]
[BlackTeam "SK Doppelbauer Kiel"]

1. d4 e6 2. Nf3 c5 3. c3 d5 4. Bf4 Nc6 5. e3 Qb6 6. Qb3 c4 7. Qxb6 axb6 8. Be2
b5 9. O-O Nf6 10. h3 Be7 11. Nbd2 b4 12. Ne5 O-O 13. Bf3 bxc3 14. bxc3 Ra3 15.
Rfc1 Nxe5 16. Bxe5 Bd7 17. e4 Bc6 18. exd5 exd5 19. Rc2 Rfa8 20. Nb1 R3a5 21.
Rb2 b5 22. Nd2 b4 23. Nb1 b3 24. a3 Bxa3 25. Nxa3 Rxa3 26. Rab1 Ra2 27. Bxf6
gxf6 28. Kh2 Rxb2 29. Rxb2 Ra2 0-1

[Event "Kieler Open 2019-A"]
[Site "Kiel"]
[Date "2019.07.27"]
[Round "1.20"]
[White "Haffner, Alexander"]
[Black "Priemer, Siegfried"]
[Result "1-0"]
[WhiteElo "2117"]
[BlackElo "1833"]
[Annotator "NB"]
[PlyCount "147"]
[EventDate "2019.??.??"]
[WhiteTeam "SC Agon Neumünster"]
[BlackTeam "SC Agon Neumünster"]

1. d4 Nf6 2. Nf3 d5 3. c4 e6 4. Nc3 c6 5. cxd5 exd5 6. Qc2 Be7 7. Bf4 O-O 8. e3
Re8 9. Bd3 Bd6 10. Bg5 h6 11. Bh4 Nbd7 12. O-O Be7 13. Bg3 Nf8 14. h3 Be6 15.
a3 Bd6 16. Ne5 Qb8 17. f4 Bc8 18. b4 a6 19. Bh4 N6d7 20. Bf2 f6 21. Nf3 Nb6 22.
Na4 Nxa4 23. Qxa4 Be6 24. Qc2 Qc8 25. Nh4 Qd7 26. Nf5 Bc7 27. g4 Rad8 28. a4
Bxf5 29. Bxf5 Qd6 30. Qc5 Ne6 31. Qxd6 Bxd6 32. Rfb1 Nc7 33. Bd3 Kf7 34. Kg2
Re7 35. Kf3 Ne6 36. h4 Nc7 37. h5 Ne6 38. b5 axb5 39. axb5 c5 40. dxc5 Bxc5 41.
b6 Rd6 42. Bg6+ Kg8 43. Ra8+ Rd8 44. Rxd8+ Nxd8 45. Rb5 Ne6 46. Bf5 Bd6 47.
Rxd5 Bb4 48. e4 Nf8 49. Rd8 Kf7 50. Bd4 Re8 51. Rd5 Ra8 52. Rb5 Ba5 53. Be3 Ne6
54. Bg6+ Ke7 55. Rb3 Ra6 56. f5 Ng5+ 57. Kf4 Be1 58. Bc5+ Kd7 59. Rd3+ Kc6 60.
Bg1 Kb5 61. Be8+ Kc4 62. Rd4+ Kc3 63. Ke3 Rxb6 64. Rd3+ Kc2 65. Ba4+ Kb2 66.
Ke2 Rb4 67. Bd4+ Ka2 68. Bd1 Bg3 69. Rd2+ Kb1 70. Bc2+ Kc1 71. Be3 Rb2 72. Kd3
Rb5 73. Rd1+ Kb2 74. Rb1+ 1-0

[Event "Kieler Open 2019-A"]
[Site "Kiel"]
[Date "2019.07.27"]
[Round "1.21"]
[White "Srimathi R"]
[Black "Lebeda, Timo"]
[Result "0-1"]
[WhiteElo "1832"]
[BlackElo "2107"]
[Annotator "NB"]
[PlyCount "118"]
[EventDate "2019.??.??"]
[BlackTeam "SK Bebenhausen"]

1. e4 c5 2. Nf3 d6 3. d4 cxd4 4. Nxd4 Nf6 5. Nc3 a6 6. Be2 e5 7. Nb3 Be6 8. Be3
Be7 9. O-O Nbd7 10. f4 exf4 11. Bxf4 O-O 12. Kh1 Nc5 13. e5 dxe5 14. Bxe5 Rc8
15. Nxc5 Rxc5 16. Bxf6 Bxf6 17. Ne4 Qxd1 18. Nxf6+ gxf6 19. Bxd1 Kg7 20. b4 Rc3
21. Bf3 b6 22. Be4 Rd8 23. a3 Rd2 24. Kg1 Bc4 25. Rf2 Rd4 26. Rf3 Rxf3 27. Bxf3
Rd2 28. Rc1 f5 29. a4 Kf6 30. b5 a5 31. Rd1 Rxd1+ 32. Bxd1 Ke5 33. c3 Ke4 34.
Bc2+ Bd3 35. Bb3 Bb1 36. Bxf7 Bc2 37. c4 Bxa4 38. c5 bxc5 39. Be8 Bb3 40. b6
Bd5 41. Bh5 Ke5 42. Bf7 Bb7 43. Bb3 Kd6 44. Bc2 Be4 45. Ba4 c4 46. Kf2 Bc6 47.
Bc2 a4 48. b7 Kc7 49. Bxf5 a3 50. Bb1 Ba4 51. Ke3 Bc2 52. Ba2 Bb3 53. Bb1 a2
54. Bxa2 Bxa2 55. Kd4 Kxb7 56. g4 Kc6 57. h4 Kb5 58. Kc3 Bb1 59. h5 Kc5 0-1

[Event "Kieler Open 2019-A"]
[Site "Kiel"]
[Date "2019.07.27"]
[Round "1.22"]
[White "Wunder, Niklas"]
[Black "Omert, Oliver"]
[Result "1/2-1/2"]
[WhiteElo "2095"]
[BlackElo "1815"]
[Annotator "NB"]
[PlyCount "111"]
[EventDate "2019.??.??"]
[WhiteTeam "Weiler/Allgäu"]
[BlackTeam "SC Lindau"]

1. e4 c6 2. d4 d5 3. Nd2 dxe4 4. Nxe4 Bf5 5. Ng3 Bg6 6. h4 h6 7. Nf3 Nd7 8. h5
Bh7 9. Bd3 Bxd3 10. Qxd3 e6 11. Bd2 Ngf6 12. O-O-O Qc7 13. Ne4 Nxe4 14. Qxe4
Nf6 15. Qe2 O-O-O 16. g3 Bd6 17. c4 c5 18. Bc3 cxd4 19. Nxd4 a6 20. Nb3 Qc6 21.
Rh4 Bc7 22. Re1 Rhg8 23. Kb1 Kb8 24. a3 Bb6 25. Rc1 Bc7 26. c5 Qd5 27. c6 b5
28. Nd4 e5 29. Nf3 Rge8 30. Nxe5 Rxe5 31. Bxe5 Qxe5 32. Qc2 Qd5 33. a4 Qd3 34.
axb5 axb5 35. Qxd3 Rxd3 36. Rc5 Rd5 37. Rxd5 Nxd5 38. Rd4 Ne7 39. Rd7 Nxc6 40.
Rxf7 Be5 41. Rf5 b4 42. f4 Bd4 43. g4 Kc7 44. g5 Kd6 45. gxh6 gxh6 46. Rf7 Ne7
47. f5 Ng8 48. Rb7 Nf6 49. Rxb4 Ke5 50. Rb8 Kxf5 51. b4 Nxh5 52. b5 Nf6 53. b6
Be5 54. Rh8 h5 55. b7 Kg4 56. b8=Q 1/2-1/2

[Event "Kieler Open 2019-A"]
[Site "Kiel"]
[Date "2019.07.27"]
[Round "1.23"]
[White "Rouditser, Benjamin"]
[Black "Wendler, David"]
[Result "1/2-1/2"]
[WhiteElo "1815"]
[BlackElo "2094"]
[Annotator "NB"]
[PlyCount "61"]
[EventDate "2019.??.??"]
[WhiteTeam "Lasker Steglitz"]
[BlackTeam "SK Bebenhausen"]

1. d4 Nf6 2. c4 c5 3. d5 b5 4. cxb5 a6 5. f3 axb5 6. e4 Qa5+ 7. Bd2 b4 8. Na3
d6 9. Nc4 Qc7 10. a3 bxa3 11. Nxa3 Qb7 12. Nb5 Na6 13. Rxa6 Rxa6 14. Nc7+ Qxc7
15. Bxa6 Bd7 16. Ne2 g6 17. Bc3 Bg7 18. O-O O-O 19. Bc4 Rb8 20. Qd3 Ne8 21. f4
Qb6 22. b3 Bb5 23. e5 Bxc4 24. bxc4 Ra8 25. Ra1 Rxa1+ 26. Bxa1 Qa6 27. Bc3 Nc7
28. exd6 exd6 29. Bxg7 Kxg7 30. Qc3+ Kg8 31. Qb3 1/2-1/2

[Event "Kieler Open 2019-A"]
[Site "Kiel"]
[Date "2019.07.27"]
[Round "1.24"]
[White "Köllner, Christof"]
[Black "Olde, Henning"]
[Result "1-0"]
[WhiteElo "2091"]
[BlackElo "1788"]
[Annotator "NB"]
[PlyCount "81"]
[EventDate "2019.??.??"]
[WhiteTeam "SV Bergneustadt/Dersch"]
[BlackTeam "SK Kollmar"]

1. d4 f5 2. Nc3 Nf6 3. Bg5 e6 4. e4 fxe4 5. Nxe4 Be7 6. Bxf6 Bxf6 7. Nf3 O-O 8.
Bd3 b6 9. Qe2 a5 10. Nxf6+ Qxf6 11. Qe4 Nc6 12. Qxh7+ Kf7 13. c3 Bb7 14. Qh5+
Ke7 15. O-O-O Rh8 16. Qg4 Raf8 17. Kb1 Kd8 18. Rhe1 Kc8 19. Be4 Kb8 20. h3 Ne7
21. Bxb7 Kxb7 22. Qe4+ Kb8 23. Ne5 Rd8 24. f3 Nf5 25. Qd3 Kb7 26. Qb5 Nd6 27.
Qb3 Rh5 28. a4 Ka7 29. Ka2 Qe7 30. d5 Nb7 31. dxe6 Nc5 32. Qd5 Qxe6 33. Qxe6
Nxe6 34. Nf7 Rc8 35. Rxd7 Nc5 36. Rde7 Rd5 37. Ka3 Rd2 38. R1e2 Rd3 39. Ne5 Rd6
40. f4 Rh8 41. Nf7 1-0